000
00239nam a22000857a 4500
008
240511b ||||| |||| 00| 0 eng d
100
_a
Roger Koerber
245
_a
World Wide Zeppelin and Air Postal History
650
_a
Zeppelin|Air Postal History
999
_c
3592
_d
3592